Nigerian English Usage: An Introduction (Record no. 2479)

MARC details
000 -LEADER
fixed length control field 00357nam a22001337a 4500
008 - FIXED-LENGTH DATA ELEMENTS--GENERAL INFORMATION
fixed length control field 250319b |||||||| |||| 00| 0 eng d
020 ## - INTERNATIONAL STANDARD BOOK NUMBER
ISBN 9781396396
100 ## - MAIN ENTRY--AUTHOR
Author JOWETH, David
245 ## - TITLE STATEMENT
Title Nigerian English Usage: An Introduction
260 ## - PUBLICATION, DISTRIBUTION, ETC. (IMPRINT)
Place of publication Agbor Delta State
Name of publisher Longman Nigeria Ltd.
Date of publication 1991
300 ## - COLLATION
Pagination xiii, 277p.
942 ## - ADDED ENTRY ELEMENTS (KOHA)
Item type Books
050 ## - LIBRARY OF CONGRESS CALL NUMBER
Classification number PE3401
Item number .J69
Holdings
Source of classification or shelving scheme Not for loan Permanent location Current location Date acquired Accession No. Full call number Barcode. Koha item type
Library of Congress Classification   Samuel Ogbemudia Main Library, University of Abuja Samuel Ogbemudia Main Library, University of Abuja 03/19/2025 93/012568 PE3401.J69 2025-0750 Books